• 首页
  • 本馆介绍
  • 公告通知
  • 最新文献
  • 馆藏检索
  • 电子资源
  • 读者导购
  • 参考咨询
  • 我的图书馆
  • 登录
  • 详细信息显示
  • 放入我的书架
  • 预约/预借图书
  • 作者相关作品
  • 分类相关作品
  • 丛书相关作品
  • 出版社相关作品

书目信息

  • 表格格式
  • 工作单格式
  • 卡片格式
题名:
北京
    
 
作者: 施曙华 主编 ;杨明方 , 缪衢 编著
分册:  
出版信息: 上海   上海画报出版社  2001.11
页数: 151页
开本: 19cm
丛书名:
单 册:
中图分类: K928.9 , K928.91
科图分类:
主题词: 导游--中国 , 导游--北京市 , CT--S012417--导游
电子资源:
ISBN: 7-80530-766-0
000 01122nam0 2200337 45
001 012002052665
005 20060908093445.08
010    @a7-80530-766-0@dCNY28.00
035    @a(011001)c2002045546
092    @aCN@b488764
100    @a20020701d2001 em y0chiy0110 ea
101 0  @achi
102    @aCN@b310000
105    @aa z 000yy
200 1  @a北京@Abei jing@f施曙华主编@Fshi shu hua zhu bian@g杨明方,缪衢[编著]@Gyang ming fang, miu qu [ bian zhu ]
210    @a上海@c上海画报出版社@d2001.11
215    @a151页@c彩图@d19cm
300    @a走遍中国
330    @a本书介绍了北京的概况、皇家宫苑、庙宇寺院、文苑故居、名山胜水、旅游资讯等,包括天安门广场、中南海、万里长城、故宫、颐和园、雍和宫、北京大学、香山等。
510 1  @aTravel around China@h1@iBeijing@zeng
606 0  @a导游@y中国
606 0  @a导游@y北京市
606 0  @2CT@3S012417@a导游
690    @aK928.9@v4
690    @aK928.91@v4
701  0 @a施曙华@Ashi shu hua@4主编
702  0 @a杨明方@Ayang ming fang@4编著
702  0 @a缪衢@Amiu qu@4编著
801  0 @aCN@bNLC@c20060908
905    @aBZT@dK928.9@e47
906    @dCNY28.00@n0@r1
    
    北京/施曙华主编/杨明方,缪衢[编著].-上海:上海画报出版社,2001.11
    151页:彩图;19cm
    走遍中国
    
    ISBN 7-80530-766-0:CNY28.00
    本书介绍了北京的概况、皇家宫苑、庙宇寺院、文苑故居、名山胜水、旅游资讯等,包括天安门广场、中南海、万里长城、故宫、颐和园、雍和宫、北京大学、香山等。
●
相关链接 在五车中查询图书 在当当中查询图书 在豆瓣中查询图书


正题名:北京     索取号:K928.9/47         预约/预借

序号 登录号 条形码 馆藏地/架位号 状态 备注
1 453248   230008816   中心书库南/015架B面2层5列/ [索取号:K928.9/47] 在馆    
2 453249   230008815   中心书库南/015架B面2层5列/ [索取号:K928.9/47] 在馆    
3 453250   230008818   中心书库南/015架B面2层5列/ [索取号:K928.9/47] 在馆    
4 453251   230008817   中心书库南/015架B面2层5列/ [索取号:K928.9/47] 在馆    
山东省滨州职业学院图书馆 欢迎您!
大连网信软件有限公司© 版权所有